000 00554nam a22001577a 4500
003 NUST
038 _aNusrat Nadeem
082 _a200
100 _aISLAM TUBA
_9130785
245 _aThe Impact of Reverse Logistics Process Coordination on Supply Chain Competitiveness: A Mediated Model/
_cTUBA ISLAM
264 _aIslamabad:
_bNBS NUST.
_c2025.
650 _aMS-Operations and Supply Chain Management
_9125320
700 _aSupervisor: Dr. Muhammad Moazzam
_9120133
856 _uhttp://10.250.8.41:8080/xmlui/handle/123456789/55365
942 _2ddc
_cSC
999 _c614965
_d614965